00542nam a2200157Ia 4500008004000000082001500040100001700055245006900072260003900141300000800180650002900188690001200217906001200229999001900241952012400260210210b1971 xxu||||| |||| 00| 0 eng d a332.3 MADF aMADAIAH (M). aFinancial intermediaries, economic development & monetary policy aMysorebUniversity of Mysorec1971 a204 aFinancial intermediaries aBanking aSG00770 c112417d112417 001040708EconomicsaALbALcEconomicsd2021-02-17g0.00l0o332.3 MADFpSG00770r2021-02-17 00:00:00w2021-02-17ySG